000 00834nam a2200289 a 4500
003 AR-BaBNM
005 20251128203850.0
008 082120s2002 ||||||||||||||000 | spa||
040 _cAR-BaBNM
100 1 _aBallanti, Graziella
245 0 0 _aEl comportamiento docente
250 _a1ª ed.
260 _aBuenos Aires
_bKapelusz
_c1979
300 _a233 p.
_bdiagr.
490 0 _aEstudios e investigaciones
500 _aContiene referencias bibliográficas
650 4 _aROL DEL DOCENTE
650 4 _aPERFIL PROFESIONAL DEL DOCENTE
650 4 _aCONDICIONES DE TRABAJO DEL DOCENTE
650 4 _aASESORAMIENTO DEL DOCENTE
650 4 _aMETODOS DE ENSEÑANZA
650 4 _aEVALUACION DEL DOCENTE
653 _aINVESTIGACION EDUCATIVA
700 1 _aAlvarez, Inés Regina
_etraductor
942 _cBK
998 _csilvi
999 _c5242
_d5242